New Jersey counties - Statistics

General Stats
  • This quiz has been taken 778 times
  • The average score is 14 of 21
Answer Stats
Hint Answer % Correct
7 Essex
83%
2 Bergen
81%
1 Atlantic
79%
15 Ocean
79%
19 Sussex
77%
4 Camden
75%
12 Middlesex
73%
5 Cape May
71%
16 Passaic
71%
3 Burlington
70%
9 Hudson
69%
13 Monmouth
67%
20 Union
63%
10 Hunterdon
61%
21 Warren
61%
14 Morris
60%
8 Gloucester
59%
11 Mercer
59%
6 Cumberland
57%
17 Salem
57%
18 Somerset
57%
No matching quizzes found
Score Distribution
Percent of People with Each Score
Percentile by Number Answered
Your Score History
You have not taken this quiz